| 000 | 01400cam a22003372 4500 | ||
|---|---|---|---|
| 001 | 0000009243 | ||
| 005 | 20151217152052.0 | ||
| 008 | 080915s xx 000 0 eng d | ||
| 020 |
_a0314257233 : _cKES 4400 |
||
| 040 |
_aKABU _cKABU |
||
| 100 | 1 |
_aGellhorn, Ernest. _@0000160372 |
|
| 245 | 1 | 0 |
_aAntitrust law and economics in a nutshell / _cErnest Gellhorn, William E. Kovacic, Stephen Calkins. |
| 250 | _a5th ed. | ||
| 260 |
_aSt. Paul, MN. : _bWest publishing, _c2004. |
||
| 300 | _axlvii, 617 p. | ||
| 650 | 0 |
_aAntitrust law _zUnited States. _@0000160373 |
|
| 650 | 0 |
_aAntitrust law _xEconomic aspects _zUnited States. _@0000160374 |
|
| 700 | 1 |
_aKovacic, William E. _@0000160375 |
|
| 700 | 1 |
_aCalkins, Stephen. _@0000160376 |
|
| 852 | 1 | _9p4060 KES | |
| 852 | 1 | _9p4060 KES | |
| 852 | 1 | _9p4060 KES | |
| 852 | 1 | _9p4060 KES | |
| 852 | 1 | _9p2920.70 KES | |
| 852 | 1 | _9p2920.70 KES | |
| 852 | 1 | _9p2920.70 KES | |
| 908 | _a080915 | ||
| 950 | _@1 | ||
| 999 |
_c7847 _d7847 |
||